Kalinayak (Record no. 719172)

MARC details
000 -LEADER
fixed length control field 00767nam a2200265Ia 4500
003 - CONTROL NUMBER IDENTIFIER
control field OSt
005 - DATE AND TIME OF LATEST TRANSACTION
control field 20220928103319.0
008 - FIXED-LENGTH DATA ELEMENTS--GENERAL INFORMATION
fixed length control field 220927b |||||||| |||| 00| 0 hin d
037 ## - SOURCE OF ACQUISITION
Terms of availability Textual
040 ## - CATALOGING SOURCE
Original cataloging agency SDCL
Transcribing agency SDCL
Language of cataloging hin
041 ## - LANGUAGE CODE
Source of code hin
Language code of text/sound track or separate title hin
100 ## - MAIN ENTRY--PERSONAL NAME
Personal name Jain Sanjeev
9 (RLIN) 403374
245 #0 - TITLE STATEMENT
Title Kalinayak
Remainder of title Kaliyug ka nayak.
260 ## - PUBLICATION, DISTRIBUTION, ETC.
Place of publication, distribution, etc. Bikaner
Name of publisher, distributor, etc. Rajesthan Kalinayak Prakashan
Date of publication, distribution, etc. 2011
300 ## - PHYSICAL DESCRIPTION
Extent 208p.
Dimensions cm.
650 ## - SUBJECT ADDED ENTRY--TOPICAL TERM
Topical term or geographic name entry element Gift
9 (RLIN) 391569
700 ## - ADDED ENTRY--PERSONAL NAME
Personal name Sharma Dermender
9 (RLIN) 403375
942 ## - ADDED ENTRY ELEMENTS (KOHA)
Classification part 4:(P15)wN, Q1
Koha item type Textual
Source of classification or shelving scheme Colon Classification (CC)
Holdings
Withdrawn status Lost status Damaged status Not for loan Home library Current library Date acquired Source of acquisition Total Checkouts Full call number Barcode Date last seen Price effective from Koha item type
        South Campus Library South Campus Library 2022-09-28 GIFT, 24/08/2011, Gift   4:(P15)wN Q1 SC0502769 2022-09-28 2022-09-28 Textual
Copyright @ Delhi University Library System